|
|
|
|
| LEADER |
00000nam0a2200000 4500 |
| 001 |
195957 |
| 005 |
20231101224647.0 |
| 035 |
|
|
|a (RuTPU)RU\TPU\book\213773
|
| 035 |
|
|
|a RU\TPU\book\194885
|
| 090 |
|
|
|a 195957
|
| 100 |
|
|
|a 20110517d2012 ek y0rusy50 ca
|
| 101 |
0 |
|
|a rus
|
| 102 |
|
|
|a RU
|
| 105 |
|
|
|a y z 101zd
|
| 200 |
1 |
|
|a Салют, Победа!
|e сборник трудов II Всероссийской научно-практической военно-исторической конференции с международным участием, 16 мая 2012 г., г. Томск
|f Национальный исследовательский Томский политехнический университет (НИ ТПУ), Юргинский технологический институт (ЮТИ) ; под ред. Д. А. Чинахова
|
| 210 |
|
|
|a Томск
|c Изд-во ТПУ
|d 2012
|
| 215 |
|
|
|a 452 с.
|
| 320 |
|
|
|a Библиография в конце докладов.
|
| 320 |
|
|
|a Алфавитный указатель авторов: с. 451.
|
| 330 |
|
|
|a В сборнике представлены материалы по актуальным проблемам военной истории СССР, России и зарубежных стран, по вопросам истории Великой Отечественной войны, материалы о решающих сражениях в годы Великой Отечественной войны, о знаменитых советских, российских и зарубежных полководцах, о технических достижениях советских учёных в годы войны, о развитии культуры и науки СССР в годы войны, о вкладе жителей Кузбасса в Победу, материалы из военной истории Советского Союза, России и зарубежных стран, а также философские вопросы и взгляды на войну, материалы об участии советских войск в боевых действиях в Афганистане и других «горячих» точках, материалы по проблемам военно-патриотического воспитания молодёжи. Всероссийская научно-практическая военно-историческая конференция с международным участием "Салют, Победа!" посвящена 66-й годовщине Победы в Великой Отечественной войне 1941-1945 гг. Конференция проводится в Юргинском технологическом институте (филиале) Томского политехнического университета с 2005 г.
|
| 606 |
1 |
|
|a Великая Отечественная война 1941-1945
|2 stltpush
|3 (RuTPU)RU\TPU\subj\66603
|9 82654
|
| 606 |
1 |
|
|a Войны
|x (история)
|2 stltpush
|3 (RuTPU)RU\TPU\subj\58887
|9 76581
|
| 610 |
1 |
|
|a Россия
|
| 610 |
1 |
|
|a СССР
|
| 610 |
1 |
|
|a сражения
|
| 610 |
1 |
|
|a полководцы
|
| 610 |
1 |
|
|a техника
|
| 610 |
1 |
|
|a вооружение
|
| 610 |
1 |
|
|a военная история
|
| 610 |
1 |
|
|a Древняя Русь
|
| 610 |
1 |
|
|a Российская империя
|
| 610 |
1 |
|
|a Российская Федерация
|
| 610 |
1 |
|
|a всемирная военная история
|
| 610 |
1 |
|
|a конференции
|
| 610 |
1 |
|
|a труды учёных ТПУ
|
| 686 |
|
|
|a Т3(2)622л0
|v LBC/SL-A
|2 rubbk
|
| 686 |
|
|
|a Т3(0)6л0
|v LBC/SL-A
|2 rubbk
|
| 702 |
|
1 |
|a Чинахов
|b Д. А.
|4 340
|
| 712 |
0 |
2 |
|a Национальный исследовательский Томский политехнический университет (НИ ТПУ)
|b Юргинский технологический институт (ЮТИ)
|c (2009- )
|2 stltpush
|3 (RuTPU)RU\TPU\col\15903
|
| 712 |
1 |
2 |
|a Салют, Победа!
|b научно-практическая конференция
|d 2
|e Томск
|f 2012
|
| 801 |
|
1 |
|a RU
|b 63413507
|c 20100428
|
| 801 |
|
2 |
|a RU
|b 63413507
|c 20140129
|g RCR
|
| 942 |
|
|
|c BK
|